Statistics for FBS Schools by Time Zone - Mountain

Click here to take the quiz!

General Stats

  • This quiz has been taken 54 times
  • The average score is 12 of 13

Answer Stats

School% Correct
Arizona
100%
Arizona State
100%
Wyoming
97%
Colorado
94%
Colorado State
94%
New Mexico
94%
New Mexico State
94%
Utah
89%
Utah State
89%
Boise State
83%
Air Force
81%
Brigham Young
75%
Texas-El Paso
58%

Score Distribution

Percentile by Number Answered

Percent of People with Each Score

Your Score History

You have not taken this quiz